Základní anorganický průmysl

Enregistré dans:
Détails bibliographiques
Auteur principal: Bulička, Milan
Format: Livre
Langue:tchèque
Publié: Praha Státní nakladatelství technické literatury 1968
Tags: Ajouter un tag
Pas de tags, Soyez le premier à ajouter un tag!

MARC

LEADER 00000nam a2200000 4500
001 c122449
005 20221207071351.9
041 0 |a cze 
044 |a CZ 
245 1 0 |a Základní anorganický průmysl  |c Milan Bulička 
264 1 |a Praha  |b Státní nakladatelství technické literatury  |c 1968 
300 |a 679 s. 
100 1 |a Bulička, Milan